000 00680nam a2200229Ia 4500
005 20250425162826.0
008 250425s9999 xx 000 0 und d
020 _a9780134431796
041 _aeng
044 _axxu
082 _a621.382
_pHEA
100 _aHEATH, ROBERT W.
245 0 _aINTRODUCTION TO WIRELESS DIGITAL COMMUNICATION: A SIGNAL PROCESSING PERSPECTIVE
250 _a1ST ED.
264 _aEstados Unidos, BOSTON
_bPEARSON EDUCATION, INC.
_c2017.
300 _a442
650 _aCOMUNICACIONES DIGITALES
650 _aPROCESAMIENTO DE SEÑALES-TECNICAS DIGITALES
650 _aSISTEMAS DE COMUNICACION INALAMBRICOS
942 _c01
010 _a110506
999 _c237199
_d237199